000 00576nam a2200217 a 4500
001 55864
003 BD-RjUL
005 20211209080325.0
008 161122s1962 enk||||| |||| 00| 0 eng d
035 _a(BD-RjUL)55988
040 _aBD-RjUL
_beng
_cBD-RjUL
041 _aeng
082 _223
_a828.912
_bYEV 1962
100 1 _aYeats, W. B.
_9166328
245 1 2 _aA vision /
_cW. B. Yeats
260 _aLondon :
_bMacmillan Co.,
_c1962
300 _avii, 305 p. :
_bill. ;
_c19 cm
650 _aAstrology
_xMysticism
_9166329
650 _aOccultism
_9166330
942 _2ddc
_cBK
999 _c55864
_d55864